[Event "Bilbao Masters 9th"]
[Site "Bilbao"]
[Date "2016.07.13"]
[Round "1"]
[White "Giri, Anish"]
[Black "Wei, Yi"]
[Result "1/2-1/2"]
[WhiteElo "2785"]
[BlackElo "2696"]
[Annotator "CB"]
[PlyCount "114"]
[EventDate "2016.07.13"]
[EventType "tourn"]
[EventRounds "10"]
[EventCountry "ESP"]
[EventCategory "22"]
[SourceTitle "CBM 174"]
[Source "ChessBase"]
[SourceDate "2016.09.13"]
[SourceVersion "1"]
[SourceVersionDate "2016.09.13"]
[SourceQuality "1"]

1. e4 e5 2. Nf3 Nc6 3. Bc4 Bc5 4. O-O Nf6 5. d3 d6 6. c3 a6 7. a4 h6 8. Nbd2
O-O 9. Re1 Ne7 10. Nf1 Ng6 11. Bb3 c6 12. h3 d5 13. exd5 Nxd5 14. Nxe5 Bxf2+
15. Kxf2 Nxe5 16. d4 Ng6 17. Kg1 Qh4 18. Bd2 Bd7 19. Qf3 Rae8 20. Ng3 Re6 21.
Nh5 Rfe8 22. Rf1 Qe7 23. Qg3 Re2 24. Rae1 Rxe1 25. Rxe1 Qh4 26. Rxe8+ Bxe8 27.
Qxh4 Nxh4 {[#] Mit dem Läuferpaar hat Weiß Endspielvorteil und geht nun im
Zentrum vor.} 28. c4 Ne7 29. Kf2 Nhf5 30. d5 Nd4 31. Ba2 cxd5 32. cxd5 Bxa4 33.
Bc3 Bb3 34. d6 Nec6 35. Bxd4 ({Ein anderer Versuch war} 35. Bxb3 $5 Nxb3 36.
Nxg7 f6 37. Nf5 Kf7 38. Nxh6+ Ke6 39. Ng8) 35... Bxa2 36. Bxg7 Kh7 37. Bc3 Be6
{[#]} 38. Nf6+ (38. g4 $5 {um den König zu mobilisieren.} b5 39. Ke3 b4 40.
Bf6) 38... Kg6 39. d7 a5 40. g4 b5 41. h4 b4 42. Be5 a4 43. h5+ Kg7 44. Ne4+
Kh7 45. Bd6 f5 46. Nc5 a3 47. bxa3 b3 48. Be5 Bxd7 49. Bc3 Bc8 50. Nxb3 fxg4
51. Kg3 Ne7 52. Nc5 Nf5+ 53. Kxg4 Nd4+ 54. Kh4 Nf5+ 55. Kh3 Ng7+ 56. Kh4 Nf5+
57. Kh3 Ng7+ 1/2-1/2

[Event "SWE-ch"]
[Site "Uppsala"]
[Date "2016.07.17"]
[Round "2"]
[White "Hector, Jonny"]
[Black "Grandelius, Nils"]
[Result "0-1"]
[WhiteElo "2521"]
[BlackElo "2643"]
[Annotator "CB"]
[PlyCount "128"]
[EventDate "2016.07.16"]
[EventType "tourn"]
[EventRounds "9"]
[EventCountry "SWE"]
[EventCategory "10"]
[SourceTitle "CBM 173 Extra"]
[Source "ChessBase"]
[SourceDate "2016.08.29"]
[SourceVersion "1"]
[SourceVersionDate "2016.08.29"]
[SourceQuality "1"]
[WhiteClock "0:01:13"]
[BlackClock "0:05:53"]

1. e4 e5 2. Nf3 Nc6 3. Bc4 Nf6 4. d3 Bc5 5. O-O O-O 6. Nbd2 d6 7. c3 a6 8. Bb3
Ba7 9. h3 Be6 10. Re1 Bxb3 11. Qxb3 Qd7 12. Nf1 h6 13. Ng3 {[#] The position
can be regarded as fairly equal, even though it is easrier to find moves for
White (plan d3-d4). Grandelius played 13...Tfe8 against Hillarp 2009. But now
he deviates.} Kh7 {It is certainly not clear that this move is an improvement.
Jonny has a keen eye for tactics and spots the oppurtunity to seize a small
initiative.} 14. d4 $1 Rfe8 (14... exd4 15. cxd4 Nxd4 16. Nxd4 Bxd4 17. Qd3 {
Threatening e4-e5+.} Be5 18. f4 {and White is very much better.}) 15. Be3 Kg8 (
{Again, it is fatal to grab the pawn.} 15... exd4 16. cxd4 Nxe4 17. d5 $1 Nd8
18. Bxa7 Nxg3 19. Rxe8 Qxe8 20. fxg3 Rxa7 21. Qc2+ Kg8 22. Qxc7 {And White
will emerge with a superior coordination and a helthy pawn (d5) up.}) 16. Rad1
exd4 (16... b5 {finally threating the pawn was the alternative.}) 17. cxd4 Nxe4
({The waiting strategy by} 17... Ne7 {did not appeal to Grandelius.}) 18. Nxe4
Rxe4 19. Qxb7 Rb8 {A human move which gives White a clear edge.} (19... Ree8
20. Rc1 Bc5 $1 {was a tricky way to keep White's advantage to a minimum.} 21.
Qb3 (21. dxc5 $2 Reb8) 21... Bb6 22. d5 Ne5 23. Nxe5 Rxe5 24. Bxb6 Rxe1+ 25.
Rxe1 Rb8) 20. Qxa6 Rxb2 21. Rc1 Rb6 22. Qa3 {A nice little Zwischenzug, aiming
at gaining an important tempi.} Rb8 (22... Rb7 23. d5 Nb8 24. Bxa7 Ra4 25. Qd3
Raxa7 26. Nd4 {is depressing.}) 23. Qa4 $1 Rb6 24. Nd2 $1 Rh4 25. Rc3 Rh5 {
So far Hector has played a perfect game and I can imagine that in his mind
there was a sence of harmony.} 26. d5 ({Perhaps White could improve te
position even a little bit further before playing d5.} 26. Nb3 {it is not easy
to see how black can prevent d4-d5 as} d5 27. Rec1 {is winning the piece.})
26... Rxd5 27. Bxb6 Bxb6 28. Nb3 Rf5 29. Re2 Ne5 30. Qa8+ $6 ({Hector is
clearly very good at endgames, and many topplayers would probably not give
many seconds of thought to} 30. Qxd7 {simply exhanging the Queen and then
slowly grind Black down.} Nxd7 31. a4 $1 {heading for a ending with an clear
exchange up due to the weak c7-d6-pawns.} g6 32. a5 Bxa5 33. Nxa5 Rxa5 34. Rxc7
Ne5 35. Rd2 d5 36. Rc8+ Kg7 37. Rd8 {wrapping up the pawn.}) 30... Kh7 31. Qe4
{Now, on the other hand the picture is not so clear.} Ng6 ({Putting up
resistance with a advanced frontier by playing} 31... d5 32. Qc2 g6 {was
better. Black has interesting possibilities as Q-d6-g3 (when circumstances
allow it), and d4-d3 which gives White some problems.}) 32. Rf3 Re5 33. Qc2 Kg8
34. Rxe5 Nxe5 35. Rc3 {[#] If we compare this position to the one with Queens
exhanged one can see that this one demands an exceptional level of technique
for White.} d5 36. Qe2 Qf5 37. Nd2 $1 ({I still like the idea of playing} 37.
a4 {taking away the safe haven of the Bishop.} {Perhaps Jonny was preoccupied
with} d4 38. Rc1 d3 39. Qd2) 37... d4 {Jonny finds a clever way to activate
the rook.} 38. Ra3 d3 39. Qe1 $6 ({Again Jonny disregards the exchange of
Queens. This time it was not as obvious as last time:} 39. Ra8+ Kh7 40. Qe4
Bxf2+ 41. Kf1 {Black is temporarely winning a pawn.} Qxe4 42. Nxe4 Bb6 43. Nd2
{But now he can't prevent the a-pawn without giving something back:} Nc6 44.
Nc4 Bd4 45. a4 Nb4 46. Rd8 Bc3 47. Rd7 c6 48. Rxf7 {and White is winning.})
39... g6 40. Ra4 Kg7 41. Re4 f6 42. Kf1 h5 {The psychological momentum is now
on Black's side.} 43. Ra4 Qd7 44. Qd1 Qc6 45. Rf4 g5 46. Re4 Qc5 47. Qe1 Qd5 {
Centralization.} 48. Ra4 Qc6 49. Qd1 Qc5 50. Qe1 Qc2 (50... Ba5 $1) 51. Re4 $2
(51. Nb3 {The sad news for White is that he now has to find "only moves".})
51... Ba5 {curtains.} 52. Rxe5 Bxd2 53. Re7+ Kh6 54. Rh7+ Kxh7 55. Qe7+ Kg6 56.
Qe8+ Kf5 57. Qd7+ Ke5 58. Qe7+ Kd5 59. Qd7+ Kc5 60. Qxc7+ Kb4 61. Qe7+ Ka4 62.
Qa7+ Ba5 63. Qd4+ Ka3 64. Qd6+ Bb4 {This game might indicate that Grandelius
will win this year. Despite weak play in the initial phase of the middlegame
and inadequate creativity in the defence he ended up winning by oppotunistic
play in a losing position. And Nils will probably not end up in many more
losing positions in the tournament. Jonny on the other hand might consider to
forget about the audience once and a while. His preformance up to move 29 was
absolutely world class. It is allowed to finnishing of games boringly...} 0-1

[Event "EU-Cup 31st"]
[Site "Skopje"]
[Date "2015.10.23"]
[Round "6.1"]
[White "Ivanchuk, Vassily"]
[Black "Kramnik, Vladimir"]
[Result "0-1"]
[WhiteElo "2726"]
[BlackElo "2777"]
[Annotator "CB"]
[PlyCount "86"]
[EventDate "2015.10.18"]
[EventType "team-swiss"]
[EventRounds "7"]
[EventCountry "MKD"]
[SourceTitle "CBM 169"]
[Source "ChessBase"]
[SourceDate "2015.11.10"]
[SourceVersion "1"]
[SourceVersionDate "2015.11.10"]
[SourceQuality "1"]
[WhiteTeam "Alkaloid"]
[BlackTeam "Siberia"]
[WhiteTeamCountry "MKD"]
[BlackTeamCountry "RUS"]

1. e4 e5 2. Nf3 Nc6 3. Bc4 Bc5 4. c3 Nf6 5. d3 d6 6. Bb3 a6 7. Nbd2 Be6 8. O-O
O-O 9. Re1 h6 10. Nf1 Bxb3 11. Qxb3 Re8 12. Be3 Bxe3 13. Nxe3 Qd7 14. h3 Ne7
15. Nh2 c6 16. Rad1 d5 17. Nhg4 Nxg4 18. hxg4 Rad8 19. d4 exd4 20. Rxd4 Qc8 21.
Red1 b5 22. Qc2 dxe4 23. Qxe4 Nd5 24. Qd3 Qe6 25. Qf5 Qxf5 26. gxf5 Re5 27. g4
Kh7 28. R1d2 {[#]} h5 $1 {Zersplittert die weißen Bauern am Königsflügel,
was sich für das kommende Turmendspiel als vorteilhaft erweist} 29. gxh5 Rd6
30. b3 a5 31. Nxd5 $6 ({Nach} 31. c4 bxc4 32. bxc4 {scheitert} Nxe3 33. Rxd6 {
an} Nxc4 {mit Bauerngewinn.}) ({Die Maschinen empfehlen} 31. a4 $5) 31... Rdxd5
{[#]} 32. c4 $2 {Danach entsteht ein für Weiß ungünstiges Turmendspiel.} (
32. Rxd5 $5 cxd5 33. f6) 32... bxc4 33. bxc4 Rxd4 34. Rxd4 Rxf5 35. Rd7 f6 36.
Ra7 Rxh5 37. Kg2 Kg6 {[#]} 38. f4 $2 ({Besser war} 38. Kf3 {z.B.:} Rc5 39. Ke3
Rxc4 40. Rxa5 $17) 38... Rc5 39. Kf3 Kf5 40. Ke3 Rxc4 41. Rxa5+ c5 42. a4 Re4+
43. Kd3 Kxf4 0-1

[Event "URS-ch49 Final"]
[Site "Frunze"]
[Date "1981.11.29"]
[Round "2"]
[White "Beliavsky, Alexander G"]
[Black "Gulko, Boris F"]
[Result "1-0"]
[WhiteElo "2620"]
[BlackElo "2590"]
[Annotator "Chekhov,V"]
[PlyCount "67"]
[EventDate "1981.11.28"]
[EventType "tourn"]
[EventRounds "17"]
[EventCountry "URS"]
[EventCategory "12"]
[SourceTitle "URS-ch"]
[Source "ChessBase"]
[SourceDate "1999.07.01"]
[SourceVersion "1"]
[SourceVersionDate "1999.07.01"]
[SourceQuality "1"]

1. e4 e5 2. Nf3 Nc6 3. Bc4 Nf6 4. d3 Bc5 5. O-O O-O (5... d6 $5) 6. c3 Bb6 7.
Re1 (7. Bg5 $5) 7... d6 8. Nbd2 Ne7 (8... Be6 $5) 9. Nf1 Ng6 10. Ng3 Be6 11.
Bb3 h6 12. h3 Re8 13. d4 $14 c6 14. Bc2 Qc7 15. Be3 Rad8 16. Qe2 Nf4 $6 (16...
Bc8 $5 {/\d5/}) 17. Qd2 Ng6 18. Rad1 d5 19. Nxe5 $1 Nxe5 20. Bf4 Nfd7 21. exd5
Bxd5 22. dxe5 Nxe5 23. Rxe5 $1 Rxe5 24. c4 $18 Qe7 (24... Bxc4 25. Qxd8+ Qxd8
26. Rxd8+ Bxd8 27. Bxe5 $18) 25. Bxe5 Bf3 26. Qxd8+ $1 Bxd8 27. gxf3 Bb6 28. f4
Qc5 29. Bd4 Qxc4 30. Bb3 Qb4 31. Bxb6 axb6 32. Rd7 (32. Rd8+ Kh7 33. Bxf7 Qxf4
{/\Qc1-b2/}) 32... Qxf4 33. Bxf7+ Kh7 34. Bg6+ $1 (34. Bg6+ Kg8 35. Rd8+ $18) (
34. Bg6+ Kxg6 35. Rxg7+ Kxg7 36. Nh5+ $18) 1-0

[Event "Bugojno"]
[Site "Bugojno"]
[Date "1986.??.??"]
[Round "2"]
[White "Karpov, Anatoly"]
[Black "Jussupow, Artur"]
[Result "1-0"]
[WhiteElo "2700"]
[BlackElo "2645"]
[Annotator "ChessBase"]
[PlyCount "121"]
[EventDate "1986.05.??"]
[EventType "tourn"]
[EventRounds "14"]
[EventCountry "YUG"]
[EventCategory "16"]
[SourceTitle "MCL"]
[Source "ChessBase"]
[SourceDate "1999.07.01"]
[SourceVersion "1"]
[SourceVersionDate "1999.07.01"]
[SourceQuality "1"]

1. e4 e5 2. Nf3 Nc6 3. Bc4 Bc5 4. c3 Nf6 5. d3 d6 6. O-O O-O 7. Re1 a6 8. Bb3
Ba7 9. h3 h6 $5 10. Nbd2 Nh5 11. Nf1 Qf6 12. Be3 Nf4 (12... Bxe3 13. Nxe3 Nf4
$10) 13. Bxa7 Rxa7 14. Kh2 Ne7 (14... Be6 $5) 15. Ne3 Ra8 16. a4 {/\ a5+/=} Be6
17. Bxe6 fxe6 $6 $14 (17... Nxe6) 18. Ng1 Rad8 19. g3 Nfg6 20. Rf1 d5 21. Qe2
Nc6 22. Ng2 Rf7 23. h4 Rdf8 (23... Rfd7 24. Rad1 $5 (24. Nf3 Rf7 25. Nge1 {
/\ h5, Nh4}) 24... dxe4 25. Qxe4 Qf5 26. Ne3 $16) 24. Rad1 (24. b4 $5) 24...
Nge7 25. h5 (25. f4 $1 $14) 25... g6 26. Nh3 (26. hxg6 Nxg6 27. Qh5 Qg5 $1 $15)
26... Qf3 27. Qxf3 Rxf3 28. hxg6 Nxg6 29. Ne3 d4 (29... Rd8 $5) 30. Nc2 R3f7 (
30... dxc3 31. bxc3 Rd8 32. Ne1 (32. Ne3 Rf7 33. Rd2 Rfd7 $15) 32... Rf7 33. f4
$14) 31. cxd4 $1 Nxd4 (31... exd4 32. f4 Nge5 33. Nf2 h5 34. Kg2 $16) 32. Nxd4
exd4 33. f4 c5 (33... Ne5 34. Nf2 $1) 34. a5 b6 (34... Ne5 35. Nf2 Nc6 36. Rc1
Nxa5 37. Rxc5 $16) 35. axb6 Rb7 $2 (35... Rb8 $5) 36. Rc1 Rxb6 (36... Rc8 37.
b4 $18) 37. Rxc5 (37. Rf2 Rc8 38. Rfc2 Rb5 39. Nf2 $16) 37... Rxb2+ 38. Rf2
Rxf2+ (38... Rfb8 39. Ra5 $18) 39. Nxf2 Ra8 40. Ra5 (40. Ng4 a5 41. f5 exf5 42.
exf5 Nf8 $1 $132) 40... Ne7 41. Ng4 Nc6 $8 (41... Kg7 42. Ne5) 42. Rc5 $1 (42.
Ra4 a5 43. Nxh6+ Kg7 44. Ng4 Rb8 45. Rc4 Nb4) 42... Ne7 (42... Nb4 43. Rc7 $1
$18 a5 (43... Nxd3 44. Kh3 a5 45. Nf6+ Kf8 46. Kg4 {/\ Kh5-g6, Rf7#}) 44. Nxh6+
Kf8 45. g4 Nxd3 46. Kg3 {/\g5-g6}) 43. Rc7 $1 (43. Nxh6+ Kf8 44. Ra5 Nc6 45.
Rg5 Ke7 $13) 43... Kf8 44. Ne5 $1 a5 (44... h5 45. f5 $18) 45. g4 (45. f5 exf5
46. exf5 Nd5 47. Rd7 a4 48. f6 (48. Rxd5 a3 49. f6 a2 50. Rd7 a1=Q $10) 48...
Nxf6 (48... a3 49. Ng6+ Ke8 50. Rh7 $18) 49. Rf7+ Kg8 50. Rxf6 a3 51. Rf1 a2)
45... a4 46. f5 exf5 (46... Ra5 47. Rxe7 Rxe5 48. Ra7 h5 49. Kg3 $1 (49. Rxa4
hxg4 50. fxe6 Rh5+ 51. Kg2 Rh3 52. Rxd4 Ke7 $10) 49... hxg4 50. fxe6 Rxe6 51.
Kxg4 $18) 47. gxf5 Nxf5 (47... a3 48. f6 a2 49. Rxe7 a1=Q 50. Ng6+ Kg8 51. Rg7#
) 48. exf5 Ra5 49. Rc5 Rxc5 50. Nd7+ Ke7 51. Nxc5 a3 52. Kg3 $8 Kd6 53. Nb3 Ke5
54. Kg4 h5+ (54... a2 55. Na1 Kf6 56. Kf4 h5 57. Nc2 h4 58. Kg4 h3 59. Kxh3
Kxf5 60. Kg3 $18) 55. Kg5 h4 56. f6 Ke6 (56... h3 57. f7 h2 58. f8=Q h1=Q 59.
Qe7+ Kd5 60. Qb7+ $18) 57. Kg6 h3 58. f7 h2 59. f8=Q h1=Q 60. Nc5+ Ke5 61. Qb8+
1-0

[Event "Linares 15th"]
[Site "Linares"]
[Date "1998.02.23"]
[Round "2"]
[White "Ivanchuk, Vassily"]
[Black "Shirov, Alexei"]
[Result "0-1"]
[WhiteElo "2740"]
[BlackElo "2710"]
[Annotator "ChessBase"]
[PlyCount "60"]
[EventDate "1998.02.22"]
[EventType "tourn"]
[EventRounds "12"]
[EventCountry "ESP"]
[EventCategory "21"]
[SourceTitle "CBM 064"]
[Source "ChessBase"]
[SourceDate "1998.06.02"]
[SourceVersion "1"]
[SourceVersionDate "1998.06.02"]
[SourceQuality "1"]

1. e4 e5 2. Nf3 Nc6 3. Bc4 Bc5 4. c3 Nf6 5. d3 d6 6. Qe2 Bb6 7. Bg5 h6 8. Bh4
Qe7 9. Nbd2 g5 10. Bg3 Bg4 11. Nf1 Nh5 12. Bb5 Nf4 13. Bxf4 gxf4 14. N1d2 Rg8
15. g3 fxg3 16. fxg3 O-O-O 17. a4 Nb8 18. a5 Bc5 19. Bc4 a6 20. h3 Be6 21. g4
Nd7 22. Bxa6 bxa6 23. d4 Nb8 24. dxc5 dxc5 25. O-O-O Qe8 26. Nxe5 Qa4 27. Rhf1
Rge8 28. c4 Rd4 29. Kb1 Red8 30. Rf3 $4 (30. b3 Qxa5 31. Ndf3 $13) 30... Rxe4
0-1

[Event "Yerevan"]
[Site "Yerevan"]
[Date "1976.04.04"]
[Round "13"]
[White "Vasiukov, Evgeni"]
[Black "Ostojic, Predrag"]
[Result "1/2-1/2"]
[WhiteElo "2580"]
[BlackElo "2495"]
[Annotator "ChessBase"]
[PlyCount "104"]
[EventDate "1976.03.19"]
[EventType "tourn"]
[EventRounds "15"]
[EventCountry "URS"]
[SourceTitle "EXT 1999"]
[Source "ChessBase"]
[SourceDate "1998.11.16"]
[SourceVersion "1"]
[SourceVersionDate "1998.11.16"]
[SourceQuality "1"]

1. e4 e5 2. Nf3 Nc6 3. Bc4 Bc5 4. c3 Nf6 5. d3 Be7 6. O-O a6 7. Nbd2 O-O 8. Re1
d6 9. Bb3 h6 10. Nf1 Re8 11. Ng3 Bf8 12. h3 Be6 13. d4 Bxb3 14. Qxb3 b5 15. a4
Na5 16. Qd1 Qb8 17. b3 c5 18. d5 c4 19. Nd2 cxb3 20. Nxb3 Nc4 21. Nf5 Qc7 22.
Qf3 Nd7 23. h4 Ndb6 24. axb5 axb5 25. h5 Kh7 26. g3 Rec8 27. Kg2 Rxa1 28. Nxa1
Na4 29. Nc2 Na5 30. Nxh6 gxh6 31. Ne3 Nb3 32. Qf5+ Kg7 33. Ba3 Qd8 34. Qg4+ Kh8
35. Rb1 Rxc3 36. Bb4 Rd3 37. Qe2 Nac5 38. Bxc5 Nxc5 39. Rxb5 Rd4 40. Qb2 Nd7
41. Rb7 {Sealed move} Rxe4 42. Qb5 Rxe3 43. fxe3 Nf6 44. Rb8 Qc7 (44... Qe7 45.
Rb7 Qd8 46. Rb8) 45. Rxf8+ Kg7 46. Qc6 (46. Rb8 Qc2+ $19) 46... Qa5 47. Qxd6
Qd2+ 48. Kh3 Qf2 49. Rxf7+ Kxf7 50. Qe6+ Kf8 51. Qd6+ Kg8 52. Qd8+ Kf7 1/2-1/2

[Event "PAL/CSS Freestyle fin 4th"]
[Site "Playchess.com INT"]
[Date "2006.10.22"]
[Round "7"]
[White "Zor champ"]
[Black "Flying Saucers"]
[Result "1/2-1/2"]
[WhiteElo "2566"]
[BlackElo "2422"]
[Annotator "Dagh,Nielsen"]
[PlyCount "77"]
[EventDate "2006.10.20"]
[EventType "tourn"]
[EventRounds "9"]
[EventCountry "GER"]
[EventCategory "10"]
[SourceTitle "EXT 2008"]
[Source "ChessBase"]
[SourceDate "2007.11.25"]
[SourceVersion "1"]
[SourceVersionDate "2007.11.25"]
[SourceQuality "1"]

{Behind this legendary nick probably hides the patron of these Freestyle
events. It was not clear during the tournament whether the centaur operator
was using Hydra, but it was my working assumption. Zor_champ won the second
Freestyle tournament, but had not had as much luck so far in this final. On my
side, I was on +0 with two blacks on the last day, so I had given up thinking
about placement, and instead just wanted to enjoy and play a good game vs.
Zor_champ.} 1. e4 {[%emt 0:00:23]} e5 {[%emt 0:00:06]} 2. Bc4 {[%emt 0:00:18]}
Nf6 {[%emt 0:01:24]} 3. d3 {[%emt 0:00:10]} Nc6 {[%emt 0:01:11]} 4. Nf3 {
[%emt 0:00:26]} Bc5 {Study of the nuances of the Giucco Piano is not part of
my chess education. I had expected a Ruy Lopez before the game. [%emt 0:00:12]}
5. c3 {[%emt 0:00:20]} d6 {[%emt 0:00:11]} 6. Be3 {Be3 this early is uncommon,
even a novelty according to the Shredder base. [%emt 0:00:22]} Bxe3 {I
hesitate d to play this. For one thing, I don't have much experience with this
kind of positions. Secondly, it seems to give my opponent a game on his
territory, with prospects of a kingside attack. I decided to play 6...Bxe3
only once I felt safe enough that it was objectively sound. [%emt 0:08:54]} 7.
fxe3 {[%emt 0:00:07]} Na5 {[%emt 0:00:20]} 8. Bb3 {[%emt 0:01:33]} Nxb3 {
[%emt 0:03:51]} 9. axb3 {[%emt 0:01:46]} O-O {[%emt 0:01:00]} 10. O-O {[%emt 0:
02:31]} Be6 {[%emt 0:01:48]} 11. Nbd2 {[%emt 0:00:40]} a5 {[%emt 0:03:57]} 12.
Qe1 {[%emt 0:03:45]} h6 {A commital decision, and I spent some time
investigating white's various options at move 14 before making the move. [%emt
0:11:01]} 13. Qg3 {[%emt 0:02:49]} Ng4 {[%emt 0:02:20]} 14. Ne1 {I felt it
hard to assess this position. Perhaps black is OK and maybe even with a slight
edge. On the other hand, I've seen Zor_champ develop initiatives really well
from similar positions with mutual castling on the kingside. Additionally,
Rybka in my experience does not understand this particular type of positions
too well, often suggesting too loose moves on the kingside, and also happy to
rely on exd4 if white plays d3-d4, often giving white too much space in the
center. 14...f5 was a suggestion of my own (you won't get Rybka to suggest it
on her own this time of New Year, since she is happy with several alternatives)
, and once I was convinced it was a safe (and beautiful) draw, I played it in
light of the above considerations. The move leeds to a quite forcing sequence
- the option to investigate such forced sequences in depth is btw a clear
advantage of centaurs over pure engines. [%emt 0:04:21]} f5 {[%emt 0:07:05]}
15. h3 {[%emt 0:11:46]} f4 {[%emt 0:00:21]} 16. exf4 {[%emt 0:03:44]} exf4 {
[%emt 0:00:14]} 17. Rxf4 {[%emt 0:00:07]} Qg5 {[%emt 0:00:10]} 18. Rxf8+ {
[%emt 0:00:08]} Rxf8 {[%emt 0:00:11]} 19. Nc4 {[%emt 0:00:06]} (19. Ndf3 Qe3+
20. Kh1 Nf6 21. Kh2 (21. Rxa5 g5) 21... Nh5 22. Qh4 Nf4 23. Rxa5 Bxh3 ({or} 
23... Qe2 24. Nd4 Qxb2 25. Nf5 Bxf5 26. Rxf5 Rxf5 27. exf5 Qxc3 $11) 24. gxh3
Qe2+ {with a draw.}) 19... Bxc4 {[%emt 0:00:14]} 20. bxc4 {[%emt 0:00:02]} Qd2
$1 {Exclamation mark for aesthetic value :-). Black goes down a knight, but
relies on the a-passer and first rank pin to keep white tied up. [%emt 0:05:49]
} (20... Ne3 21. Qxg5 Rf1+ 22. Kh2 hxg5 {and black is probably also OK.}) 21.
hxg4 {[%emt 0:01:57]} Qxb2 {[%emt 0:00:09]} 22. Rd1 {[%emt 0:01:03]} Qe2 {
[%emt 0:00:12]} 23. Rb1 {[%emt 0:00:34]} Rf1+ {[%emt 0:00:20]} 24. Kh2 {
[%emt 0:00:17]} a4 {[%emt 0:00:10]} 25. Ra1 {[%emt 0:01:37]} b6 {This move can
maybe be seen as an attempt to prove the validity of black's concept :P. It
may even also give white some possibilities to err. [%emt 0:04:15]} ({When
playing 14...f5, I had relied on} 25... a3 26. Rxa3 Rxe1 27. Ra8+ Kh7 28. Rf8
Qd1 29. Qf3 Qxf3 30. gxf3 Re3 31. Kg3 Rxd3 32. Rf7 Rxc3 33. Rxc7 b5 34. Rd7
bxc4 35. Rxd6 g5 {and it looked like a sure draw to me.}) 26. d4 {[%emt 0:01:
33]} (26. e5 dxe5 27. d4 e4 {is just more passed pawn fun probably leading to
various draws by perpetual.}) (26. Rxa4 Qxe1 $11) 26... Qxe4 {[%emt 0:02:52]}
27. Rc1 {[%emt 0:00:20]} Qe2 {[%emt 0:01:10]} 28. Nd3 {[%emt 0:00:10]} Rxc1 {
[%emt 0:00:15]} 29. Nxc1 {[%emt 0:00:05]} Qd2 {[%emt 0:00:16]} 30. Nd3 {
[%emt 0:00:16]} a3 {[%emt 0:00:32]} 31. Qf3 {[%emt 0:00:38]} a2 {[%emt 0:00:11]
} 32. Qd5+ {[%emt 0:01:01]} Kh7 {[%emt 0:00:35]} 33. Qf5+ {[%emt 0:02:10]} Kg8
{[%emt 0:00:45]} 34. Qe6+ {[%emt 0:01:09]} Kh7 {[%emt 0:00:12]} 35. Qe4+ {
[%emt 0:00:11]} Kg8 {[%emt 0:00:11]} 36. Qe8+ {[%emt 0:00:10]} Kh7 {[%emt 0:00:
08]} 37. Qe4+ {[%emt 0:00:11]} Kg8 {[%emt 0:00:08]} 38. Qe8+ {[%emt 0:00:12]}
Kh7 {[%emt 0:00:03]} 39. Qe4+ {(Lag: Av=0.74s, max=4.0s) [%emt 0:00:09]}
1/2-1/2